00406nam a22001577a 4500003000700000005001700007008004100024020002200065082001900087100002100106245002200127250001700149260003400166300000800200650004000208MPLRDC20220104142545.0210129b ||||| |||| 00| 0 eng d a978-7-5108-0507-3 a782.877 ZGF-7  a何清远 主编 a曾国藩挺经c a一版一刷 a中国b九州出版社c2011 b301 a中国清代人物传记--曾国藩